Výsledky zisťovania v priemyselných organizáciách za 1. štvrťrok 1998

Saved in:
Bibliographic Details
Format: Book
Language:Slovak
English
Published: Bratislava Štatistický úrad Slovenskej republiky 1998
Series:Energetika, priemysel a stavebníctvo
Tags: Add Tag
No Tags, Be the first to tag this record!

MARC

LEADER 00000nam a2200000 4500
001 c102613
005 20260219095653.3
041 0 |a slo 
041 0 |a eng 
044 |a SK 
245 1 0 |a Výsledky zisťovania v priemyselných organizáciách za 1. štvrťrok 1998 
264 1 |a Bratislava  |b Štatistický úrad Slovenskej republiky  |c 1998 
300 |a 25 s. 
490 1 |a Energetika, priemysel a stavebníctvo 
830 0 |a Energetika, priemysel a stavebníctvo